| 000 | 00000nas##2200000za#4500 |
| 001 | 9.511931 |
| 003 | CaOODSP |
| 005 | 20210312105525 |
| 007 | ta |
| 008 | 150406c1978||||xxc|| p #||||f| |0fre|d |
| 022 | |a0708-5516 |
| 040 | |aCaOODSP|bfre |
| 041 | |aeng |
| 041 | |afre |
| 043 | |an-cn--- |
| 086 | 1 |aHR1 |
| 110 | 2 |aCommission canadienne des droits de la personne. |
| 245 | 10|aCommission canadienne des droits de la personne - rapport annuel |
| 260 | |aOttawa - Ontario : |bCommission canadienne des droits de la personne |
| 310 | |aAnnuel |
| 362 | 1 |a1977/78-- |
| 520 | 3 |aRapport au Parlement sur les activités de la Commission canadienne des droits de la personne. |
| 691 | 07|aDroits de la personne|2gcpds |
| 776 | 0#|tRapport annuel |w(CaOODSP)9.502351 |
| 776 | 0#|tCommission canadienne des droits de la personne - rapport annuel |w(CaOODSP)9.513998 |
| 776 | 0#|tCanadian Human Rights Commission - annual report |w(CaOODSP)9.515675 |
| 791 | |tCanadian Human Rights Commission - annual report |eeng|w(CaOODSP)9.511930 |